000 00299nam a22001337a 4500
008 170912b xxu||||| |||| 00| 0 eng d
020 _a9780072876581
041 _aeng
080 _23RD
_a53
100 _a43
101 _aFIZ
245 _aCONTEMPORARY COLLEGE PHYSICS
_cJONES,E
942 _2udc
_cBK
999 _c27341
_d27341